Contemporary social issues / (Record no. 33386)
[ view plain ]
| 000 -LEADER | |
|---|---|
| fixed length control field | 01069cas a2200313 a 4500 |
| 001 - CONTROL NUMBER | |
| control field | 33386 |
| 003 - CONTROL NUMBER IDENTIFIER | |
| rucl marc code | BD-RjUL |
| 005 - DATE AND TIME OF LATEST TRANSACTION | |
| control field | 20211209052011.0 |
| 008 - FIXED-LENGTH DATA ELEMENTS--GENERAL INFORMATION | |
| fixed length control field | 140507s1955 n qx m 0 1 a0eng d |
| 035 ## - SYSTEM CONTROL NUMBER | |
| System control number | (OCoLC)ocm13195731 |
| -- | (BD-RjUL)33477 |
| 040 ## - CATALOGING SOURCE | |
| Original cataloging agency | NSDP |
| Transcribing agency | NSDP |
| Modifying agency | NST |
| -- | MiU |
| -- | DLC |
| -- | NST |
| -- | EbpS |
| -- | NLGGC |
| -- | CaQQL |
| -- | CU-I |
| -- | BD-RjUL |
| Language of cataloging | eng |
| 041 ## - LANGUAGE CODE | |
| Language code of text/sound track or separate title | eng |
| 082 14 - DEWEY DECIMAL CLASSIFICATION NUMBER | |
| Classification number | 301 |
| Author mark and year | LEC 1955 |
| 100 ## - MAIN ENTRY--PERSONAL NAME | |
| Personal name | Lee, Raymond L. |
| 9 (RLIN) | 101326 |
| 245 00 - TITLE STATEMENT | |
| Title | Contemporary social issues / |
| Statement of responsibility, etc. | Lee, Raymond L., Burkhart, James A. and Shaw, Van B. |
| 260 ## - PUBLICATION, DISTRIBUTION, ETC. (IMPRINT) | |
| Place of publication, distribution, etc. | NewYork : |
| Name of publisher, distributor, etc. | Thomas Y. Crowell Co.,, |
| Date of publication, distribution, etc. | 1955. |
| 265 ## - SOURCE FOR ACQUISITION/SUBSCRIPTION ADDRESS [OBSOLETE] | |
| Source for acquisition/subscription address [OBSOLETE] | Reference and Research Services, 511 Lincoln, Santa Cruz, CA 95060 |
| 300 ## - PHYSICAL DESCRIPTION | |
| Pagination | xv, 864 p. ; |
| Size | 22 cm. |
| 504 ## - BIBLIOGRAPHY, ETC. NOTE | |
| Bibliography, etc | Includes index. |
| 650 #0 - SUBJECT ADDED ENTRY--TOPICAL TERM | |
| Topical term or geographic name as entry element | Social sciences |
| Form subdivision | Bibliography |
| -- | Periodicals. |
| 9 (RLIN) | 101327 |
| Topical term or geographic name as entry element | Social problems |
| General subdivision | Bibliography |
| -- | Periodicals. |
| 9 (RLIN) | 101328 |
| 700 ## - ADDED ENTRY--PERSONAL NAME | |
| Personal name | Burkhart, James A. |
| Personal name | Shaw, Van B |
| 942 ## - ADDED ENTRY ELEMENTS (KOHA) | |
| Source of classification or shelving scheme | Dewey Decimal Classification |
| Koha item type | Books |
| Lost status | Source of classification or shelving scheme | Damaged status | Not for loan | Collection code | Permanent Location | Current Location | Shelving location | Date acquired | Source of acquisition | Cost, normal purchase price | Total Checkouts | Full call number | Date last seen | Copy number | Koha item type |
|---|---|---|---|---|---|---|---|---|---|---|---|---|---|---|---|
| Dewey Decimal Classification | Non-fiction | Central Library, University of Rajshahi | Central Library, University of Rajshahi | 16/06/1973 | S.K Thomas | 50.00 | 301 LEC 1955 | 07/05/2014 | C-2 | Books | |||||
| Dewey Decimal Classification | Not For Loan | Non-fiction | Central Library, University of Rajshahi | Central Library, University of Rajshahi | Reading Room | 20/06/1957 | Asia Foundation | 301 LEC 1955 | 08/05/2014 | C-1 | Books | ||||
| Dewey Decimal Classification | Non-fiction | Central Library, University of Rajshahi | Central Library, University of Rajshahi | 22/05/1965 | Asia foundationa | 0.00 | 301 LEC 1955 | 30/07/2016 | C-3 | Books |